|
|
|
|
| LEADER |
00000cam a2200000 7i4500 |
| 001 |
0000037559 |
| 005 |
20150330.0 |
| 008 |
131007 |
| 020 |
|
|
|a 9676126207
|
| 090 |
0 |
0 |
|a 809.89595
|b ZAI
|
| 100 |
1 |
|
|a Zaini Hassan
|
| 245 |
1 |
0 |
|a Cuit :
|b Dilema Melayu moden
|c Zaini Hassan
|
| 260 |
|
|
|a KL :
|b Utusan Pub. & Dist. Sdn Bhd ,
|c 2013
|
| 650 |
|
0 |
|a Author, Malaysian
|x Anecdotes
|
| 650 |
|
0 |
|a Conduct of life
|x Anecdotes
|
| 999 |
|
|
|a 0001242643
|b Book
|c Adult Collection
|e Cawangan Bandar Tenggara
|
| 999 |
|
|
|a 0001242644
|b Book
|c Adult Collection
|e Cawangan Tmn. Ungku Tun Aminah
|
| 999 |
|
|
|a 0001242646
|b Book
|c Adult Collection
|e Cawangan Segamat
|
| 999 |
|
|
|a 0001242647
|b Book
|c Adult Collection
|e Cawangan Bukit Gambir
|
| 999 |
|
|
|a 0001242648
|b Book
|c Adult Collection
|e Cawangan Pontian
|
| 999 |
|
|
|a 0001242649
|b Book
|c Adult Collection
|e Cawangan Kota Tinggi
|
| 999 |
|
|
|a 0001242651
|b Book
|c Adult Collection
|e Cawangan Tangkak
|
| 999 |
|
|
|a 0001242652
|b Book
|c Adult Collection
|e Cawangan Mersing
|
| 999 |
|
|
|a 0001242653
|b Book
|c Adult Collection
|e Cawangan Bandar Penawar
|
| 999 |
|
|
|a 0001242654
|b Book
|c Adult Collection
|e Cawangan Bandar Tenggara
|
| 999 |
|
|
|a 0001242970
|b Book
|c Adult Collection
|e Perbadanan Perpustakaan Awam Johor
|
| 999 |
|
|
|a 0001242971
|b Book
|c Adult Collection
|e Perbadanan Perpustakaan Awam Johor
|
| 999 |
|
|
|a 0001242972
|b Book
|c Adult Collection
|e Perbadanan Perpustakaan Awam Johor
|
| 999 |
|
|
|a 0001242973
|b Book
|c Adult Collection
|e Perbadanan Perpustakaan Awam Johor
|